| 000 | 01191nam0a2200325 4500 | ||
|---|---|---|---|
| 001 | RU\NLR\b_ik\203731 | ||
| 005 | 20260406135518.0 | ||
| 010 |
_a978-5-9925-0274-9 _94000 |
||
| 021 |
_aRU _b2013-52214 _93621 |
||
| 035 | _a(NLR Aleph) 009999503 | ||
| 090 |
_a9784355 _c9784355 |
||
| 100 | _a20130731d2013 |||y0rusy50 ca | ||
| 101 | 0 | _aeng | |
| 102 | _aRU | ||
| 105 | _ay ||||||||| | ||
| 200 | 1 |
_aTheatre _e[книга для чтения на английском языке] _fW. Somerset Maugham _gкоммент. и слов. Н.В. Демидовой |
|
| 210 |
_aСанкт-Петербург _cКАРО _d2013 |
||
| 215 |
_a380, [2] с. _d16 |
||
| 225 | 1 |
_aEnglish _iClassical literature |
|
| 300 | _aВ вып. дан.: Театр / Уильям Сомерсет Моэм | ||
| 333 | _a16+ | ||
| 517 | 0 | _aТеатр | |
| 606 | 1 |
_aАнглийский язык _jКниги для чтения _9972309 _3RU\NLR\auth\6646032 |
|
| 686 | _aШ143.21-93рус91 | ||
| 700 | 1 |
_4070 _8eng _7ba _aMaugham _bW. S. _f1874-1965 _gWilliam Somerset _3RU\NLR\auth\772691 _9112699 |
|
| 801 | 0 |
_aRU _bNLR _c20130731 _gRCR |
|
| 801 | 1 |
_aRU _bNLR _c20130731 |
|
| 942 | _cBOOK | ||
| 980 | _aNB | ||